<?xml version="1.0" encoding="UTF-8"?>
<marc:record xmlns:marc="http://www.loc.gov/MARC21/slim">
   <marc:leader>00000nam a2200000 a 4500</marc:leader>
   <marc:datafield ind1="1" ind2=" " tag="100">
      <marc:subfield code="a">Engelbert, Eva</marc:subfield>
      <marc:subfield code="4">ctb</marc:subfield>
      <marc:subfield code="e">Mitwirkende/-r</marc:subfield>
   </marc:datafield>
   <marc:datafield ind1=" " ind2=" " tag="653">
      <marc:subfield code="a">Bewohner</marc:subfield>
   </marc:datafield>
   <marc:datafield ind1=" " ind2=" " tag="653">
      <marc:subfield code="a">Kulturkontakt</marc:subfield>
   </marc:datafield>
   <marc:datafield ind1=" " ind2=" " tag="653">
      <marc:subfield code="a">Kochen</marc:subfield>
   </marc:datafield>
   <marc:datafield ind1=" " ind2=" " tag="653">
      <marc:subfield code="a">Softcover</marc:subfield>
   </marc:datafield>
   <marc:datafield ind1=" " ind2=" " tag="653">
      <marc:subfield code="a">Karte</marc:subfield>
   </marc:datafield>
   <marc:datafield ind1=" " ind2=" " tag="653">
      <marc:subfield code="a">Trinken / Themenkochbücher</marc:subfield>
   </marc:datafield>
   <marc:datafield ind1=" " ind2=" " tag="653">
      <marc:subfield code="a">Kochbuch</marc:subfield>
   </marc:datafield>
   <marc:datafield ind1="0" ind2="0" tag="245">
      <marc:subfield code="a">Hier wird nur mit Liebe gekocht!</marc:subfield>
   </marc:datafield>
   <marc:datafield ind1="0" ind2="0" tag="245">
      <marc:subfield code="b">Rezepte und Geschichten aus dem Gemeindebau</marc:subfield>
   </marc:datafield>
   <marc:datafield ind1="0" ind2="0" tag="245">
      <marc:subfield code="c">Eva Engelbert ...</marc:subfield>
   </marc:datafield>
   <marc:datafield ind1=" " ind2="1" tag="264">
      <marc:subfield code="a">Wien</marc:subfield>
      <marc:subfield code="b">Folio</marc:subfield>
      <marc:subfield code="c">2007</marc:subfield>
   </marc:datafield>
   <marc:datafield ind1=" " ind2=" " tag="250">
      <marc:subfield code="a">2. Aufl.</marc:subfield>
   </marc:datafield>
   <marc:datafield ind1="1" ind2=" " tag="520">
      <marc:subfield code="a">Angaben aus der Verlagsmeldung

Hier wird nur mit Liebe gekocht! : Rezepte und Geschichten aus dem Gemeindebau / von Eva Engelbert, Marlene Hausegger, Tina Oberleitner, Roswitha Weingrill

Kennen Sie Basbousa, Melanzanisalat und Apple Cobbler?
Menschen aus Nigeria, Ungarn, Ägypten oder der Türkei, doch ebenso gebürtige WienerInnen verraten ihre Lieblingsrezepte und kochen sie vor – das Spektrum reicht von exotischer Raffinesse bis zu bodenständigen Gerichten, präsentiert in einem reich bebilderten Band mit künstlerischen Illustrationen.
In der Wohnhausanlage „Am Schöpfwerk“ im 12. Wiener Gemeindebezirk leben mehr als 4.500 Menschen. Vier Künstlerinnen blicken hinter die Fassade des Gemeindebaus: Wer sind diese BewohnerInnen, wie leben sie und vor allem – was kochen sie? Während der Zubereitung der Speisen erfahren die Autorinnen einiges über Gastfreundschaft, Bräuche des jeweiligen Heimatlandes und die individuellen Lebenssituationen.

Eva Engelbert, Marlene Hausegger, Tina Oberleitner, Roswitha Weingrill leben und arbeiten in Wien. Projekte in den Bereichen Fotografie, Interventionen im öffentlichen Raum, Zeichnung und Trickfilm. Studium an der Universität für angewandte Kunst Wien.

Im Rahmen des Festivals "New Crowned Hope"
</marc:subfield>
   </marc:datafield>
   <marc:datafield ind1=" " ind2=" " tag="020">
      <marc:subfield code="a">9783852563572</marc:subfield>
      <marc:subfield code="9">9783852563572</marc:subfield>
   </marc:datafield>
   <marc:datafield ind1=" " ind2=" " tag="020">
      <marc:subfield code="a">3852563577</marc:subfield>
      <marc:subfield code="9">3852563577</marc:subfield>
   </marc:datafield>
   <marc:datafield ind1=" " ind2=" " tag="041">
      <marc:subfield code="a">ger</marc:subfield>
   </marc:datafield>
   <marc:datafield ind1=" " ind2=" " tag="300">
      <marc:subfield code="a">263 S.</marc:subfield>
   </marc:datafield>
</marc:record>
